[Event "Aeroflot Open 2007"]
[Site "Moscú RUS"]
[Date "2007.02.19"]
[Round "6.21"]
[White "Andriasian, Zaven"]
[Black "Volokitin, Andrei"]
[Result "1/2-1/2"]
[WhiteElo "2508"]
[BlackElo "2645"]
[PlyCount "92"]
[EventDate "2007.02.14"]
[EventType "swiss"]
[EventRounds "9"]
[EventCountry "RUS"]
[Source "lmi"]
[SourceDate "2007.02.13"]

1. e4 c5 2. Nf3 e6 3. d4 cxd4 4. Nxd4 a6 5. Bd3 Bc5 6. Nb3 Ba7 7. O-O Nc6 8.
Qe2 Nge7 9. Nc3 d6 10. a4 e5 11. Kh1 O-O 12. Bg5 h6 13. Bh4 Be6 14. Nd5 g5 15.
Nxe7+ Qxe7 16. Bg3 Bxb3 17. cxb3 Nd4 18. Qh5 Kg7 19. Bc4 f5 20. exf5 Nxf5 21.
Bd3 e4 22. Bc4 Rad8 23. Bd5 Nxg3+ 24. fxg3 e3 25. Qe2 Rde8 26. Rf3 Rc8 27. Rd1
h5 28. Rdf1 g4 29. Rf4 Rxf4 30. gxf4 Qc7 31. Qe1 Qe7 32. Qe2 Qc7 33. Bc4 d5 34.
Bd3 Qc1 35. Rd1 Bd4 36. Qe1 Bxb2 37. Bc4 Qc2 38. Rxd5 Bc3 39. Rd7+ Kh8 40. Qxe3
Qb1+ 41. Qg1 Qe4 42. Rd5 Qxf4 43. Rxh5+ Kg7 44. Qb1 Rh8 45. Rxh8 Kxh8 46. Bd5
g3 1/2-1/2

[Event "Aeroflot Open 2007"]
[Site "Moscú RUS"]
[Date "2007.02.19"]
[Round "6.22"]
[White "Areshchenko, Alexander"]
[Black "Vorobiov, Evgeny E"]
[Result "1-0"]
[WhiteElo "2644"]
[BlackElo "2563"]
[PlyCount "101"]
[EventDate "2007.02.14"]
[EventType "swiss"]
[EventRounds "9"]
[EventCountry "RUS"]
[Source "lmi"]
[SourceDate "2007.02.13"]

1. e4 e6 2. d4 d5 3. Nc3 dxe4 4. Nxe4 Nd7 5. Nf3 Ngf6 6. Bg5 h6 7. Nxf6+ Nxf6
8. Be3 Nd5 9. Bd3 Nxe3 10. fxe3 Bd6 11. e4 e5 12. dxe5 Bc5 13. Bb5+ c6 14.
Qxd8+ Kxd8 15. Bc4 Ke7 16. c3 Rd8 17. a4 a5 18. Ke2 Bb6 19. Rhf1 Be6 20. Bxe6
Kxe6 21. Ne1 Ke7 22. Nd3 Re8 23. Rf5 Kf8 24. Raf1 Re7 25. e6 f6 26. Nf4 Kg8 27.
e5 fxe5 28. Rf7 Bc5 29. Nh5 b5 30. Rxe7 Bxe7 31. Rf7 Bf8 32. axb5 cxb5 33. Rb7
Re8 34. Rxb5 Rxe6 35. Rxa5 Rg6 36. Kf2 Rb6 37. b4 Rc6 38. Ra3 Rd6 39. Ke3 Rd1
40. Ng3 Rb1 41. Ne4 Rb2 42. Kf3 Kf7 43. h4 g6 44. g3 Be7 45. Ra5 Rb3 46. Rxe5
Bxb4 47. Rb5 Rxc3+ 48. Nxc3 Bxc3 49. h5 gxh5 50. Rxh5 Kg6 51. Ke4 1-0

[Event "Aeroflot Open 2007"]
[Site "Moscú RUS"]
[Date "2007.02.19"]
[Round "6.23"]
[White "Harika, Dronavalli"]
[Black "Volkov, Sergey"]
[Result "1/2-1/2"]
[WhiteElo "2421"]
[BlackElo "2636"]
[PlyCount "134"]
[EventDate "2007.02.14"]
[EventType "swiss"]
[EventRounds "9"]
[EventCountry "RUS"]
[Source "lmi"]
[SourceDate "2007.02.13"]

1. d4 d5 2. Nf3 Nf6 3. c4 c6 4. Nc3 a6 5. e3 b5 6. b3 Bg4 7. Be2 e6 8. O-O Nbd7
9. h3 Bf5 10. Bd3 Bb4 11. Bb2 O-O 12. Bxf5 exf5 13. cxd5 cxd5 14. Qd3 g6 15. a4
bxa4 16. Rxa4 Qb6 17. Rfa1 a5 18. Ne5 Rfd8 19. Nxd7 Rxd7 20. Na2 Bd6 21. Ba3
Bxa3 22. Rxa3 Rc7 23. Nc3 Qb4 24. Ne2 Raa7 25. Ra4 Qb6 26. Qb1 Qb5 27. Qa2 Rc8
28. b4 Rac7 29. Rxa5 Qxb4 30. Rb1 Qe7 31. Ra8 Kg7 32. Rxc8 Rxc8 33. Rc1 Rxc1+
34. Nxc1 f4 35. Qe2 fxe3 36. Qxe3 Qxe3 37. fxe3 Ne4 38. Nd3 g5 39. Nb4 Nc3 40.
Kf2 f5 41. Na6 Kf6 42. Nc5 Nb5 43. Nd7+ Ke7 44. Nc5 Nd6 45. Kf3 Nc4 46. g4
fxg4+ 47. Kxg4 Kf6 48. e4 Kg6 49. exd5 Ne3+ 50. Kf3 Nxd5 51. h4 gxh4 52. Kg4
Ne3+ 53. Kxh4 Nf5+ 54. Kh3 Nxd4 55. Ne4 Kf5 56. Ng3+ Kf4 57. Kh4 Ne6 58. Nh5+
Kf5 59. Ng3+ Kg6 60. Kg4 Nd4 61. Nh5 Nc6 62. Nf4+ Kh6 63. Ne6 Ne5+ 64. Kf5 Ng6
65. Ng5 Ne7+ 66. Kg4 Kg6 67. Nxh7 Kxh7 1/2-1/2

[Event "Aeroflot Open 2007"]
[Site "Moscú RUS"]
[Date "2007.02.19"]
[Round "6.24"]
[White "Moiseenko, Alexander"]
[Black "Li, Chao(b)"]
[Result "0-1"]
[WhiteElo "2627"]
[BlackElo "2504"]
[PlyCount "120"]
[EventDate "2007.02.14"]
[EventType "swiss"]
[EventRounds "9"]
[EventCountry "RUS"]
[Source "lmi"]
[SourceDate "2007.02.13"]

1. d4 Nf6 2. c4 g6 3. f3 d5 4. cxd5 Nxd5 5. e4 Nb6 6. Nc3 Bg7 7. Be3 O-O 8. Qd2
Nc6 9. O-O-O f5 10. h4 fxe4 11. h5 gxh5 12. Rxh5 Bf5 13. Rg5 Bg6 14. Be2 e5 15.
d5 Nd4 16. fxe4 c6 17. Nf3 Bf6 18. Rg3 Nxe2+ 19. Qxe2 cxd5 20. exd5 Rc8 21. Ng5
Bxg5 22. Bxg5 Qd6 23. Bh6 Rf7 24. Qg4 Rf2 25. Rd2 Rf1+ 26. Rd1 Rxd1+ 27. Kxd1
Rd8 28. Ke1 e4 29. Qe6+ Qxe6 30. dxe6 Re8 31. Nb5 Rxe6 32. Nxa7 Nd5 33. Nb5 Nb4
34. Kd2 Rf6 35. Rb3 Nd3 36. Be3 Bf7 37. Rc3 Rg6 38. Rc8+ Kg7 39. Bd4+ Kh6 40.
Ke3 Rg4 41. Rc7 Bg6 42. Rxb7 Rg3+ 43. Ke2 Nf4+ 44. Ke1 e3 45. Re7 Nxg2+ 46. Kd1
Bd3 47. Nd6 Rf3 48. Bxe3+ Nxe3+ 49. Kd2 Nc4+ 50. Nxc4 Bxc4 51. b3 Bf7 52. Ke2
Rf6 53. Ra7 Kg6 54. b4 h5 55. a4 h4 56. Rc7 Rf4 57. a5 h3 58. Rc3 Be6 59. Rc1
h2 60. Rh1 Rh4 0-1

[Event "Aeroflot Open 2007"]
[Site "Moscú RUS"]
[Date "2007.02.19"]
[Round "6.26"]
[White "Zhou, Jianchao"]
[Black "Belov, Vladimir"]
[Result "1-0"]
[WhiteElo "2551"]
[BlackElo "2600"]
[PlyCount "111"]
[EventDate "2007.02.14"]
[EventType "swiss"]
[EventRounds "9"]
[EventCountry "RUS"]
[Source "lmi"]
[SourceDate "2007.02.13"]

1. c4 c5 2. Nc3 Nf6 3. g3 e6 4. Nf3 b6 5. Bg2 Bb7 6. O-O Be7 7. b3 O-O 8. Bb2
d6 9. e3 Nbd7 10. d4 Ne4 11. Qe2 Nxc3 12. Bxc3 Nf6 13. dxc5 bxc5 14. Nd2 Bxg2
15. Kxg2 d5 16. cxd5 exd5 17. Rad1 Qb6 18. Bxf6 Bxf6 19. Nf3 Rad8 20. Qc2 Rfe8
21. Rfe1 Qc6 22. Rc1 Rc8 23. Red1 Qe6 24. Qd3 Red8 25. Qb5 Be7 26. h4 h6 27.
Qd3 Bf6 28. Qb5 Be7 29. Qd3 a5 30. Rc2 a4 31. bxa4 Ra8 32. Rcd2 Rxa4 33. Qb3
Rb4 34. Qc2 Rbb8 35. a4 Ra8 36. Qa2 c4 37. Qc2 Bf6 38. Nd4 Qg4 39. Nf5 Kh8 40.
Rxd5 Rxd5 41. Rxd5 c3 42. e4 Rb8 43. e5 Bd8 44. Nd6 Bxh4 45. Qxc3 Be7 46. a5
Qe6 47. Qf3 Kg8 48. a6 Ra8 49. Ra5 Ra7 50. Qc6 Bxd6 51. exd6 Qe1 52. Qb6 Ra8
53. d7 Qe4+ 54. Kh2 Qd3 55. a7 Kh7 56. d8=Q 1-0

[Event "Aeroflot Open 2007"]
[Site "Moscú RUS"]
[Date "2007.02.19"]
[Round "6.28"]
[White "Grigoriants, Sergey"]
[Black "Li, Shilong"]
[Result "1/2-1/2"]
[WhiteElo "2592"]
[BlackElo "2531"]
[PlyCount "84"]
[EventDate "2007.02.14"]
[EventType "swiss"]
[EventRounds "9"]
[EventCountry "RUS"]
[Source "lmi"]
[SourceDate "2007.02.13"]

1. e4 c5 2. Ne2 Nc6 3. d4 cxd4 4. Nxd4 Nf6 5. Nc3 d6 6. Bg5 e6 7. Qd2 a6 8.
O-O-O Bd7 9. f3 h6 10. Be3 b5 11. Nxc6 Bxc6 12. Ne2 Qc7 13. Nd4 Bb7 14. Bd3 e5
15. Nf5 d5 16. exd5 Nxd5 17. Qe1 g6 18. Bd4 f6 19. Ne3 Nf4 20. Bc3 Nxd3+ 21.
Rxd3 Be7 22. Bb4 O-O 23. Bxe7 Qxe7 24. Qd2 Rad8 25. Rd1 Rxd3 26. Qxd3 Kg7 27.
Qd6 Rf7 28. Qb6 Qc7 29. Rd6 Qxb6 30. Rxb6 h5 31. Kd2 h4 32. Ke2 Re7 33. c4 bxc4
34. Nxc4 Bd5 35. b3 e4 36. fxe4 Bxe4 37. Kf2 Bd3 38. Rxa6 g5 39. Ra5 Re2+ 40.
Kf3 Bxc4 41. bxc4 Rc2 42. c5 f5 1/2-1/2

[Event "Aeroflot Open 2007"]
[Site "Moscú RUS"]
[Date "2007.02.19"]
[Round "6.32"]
[White "Vitiugov, Nikita"]
[Black "Maslak, Konstantin"]
[Result "1/2-1/2"]
[WhiteElo "2604"]
[BlackElo "2539"]
[PlyCount "75"]
[EventDate "2007.02.14"]
[EventType "swiss"]
[EventRounds "9"]
[EventCountry "RUS"]
[Source "lmi"]
[SourceDate "2007.02.13"]

1. d4 Nf6 2. c4 g6 3. Nc3 Bg7 4. e4 O-O 5. Be2 d6 6. Bg5 c5 7. dxc5 Qa5 8. Bd2
Qxc5 9. Nf3 Bg4 10. O-O Bxf3 11. Bxf3 Nc6 12. b3 Nd4 13. Rc1 Nxf3+ 14. Qxf3
Rab8 15. Qe2 a6 16. Kh1 Rfe8 17. f4 Qh5 18. Qxh5 Nxh5 19. Nd5 e6 20. Nb4 f5 21.
Rfe1 Nf6 22. exf5 gxf5 23. Bc3 Ne4 24. Bxg7 Kxg7 25. Kg1 Kf6 26. Nd3 Rec8 27.
Rc2 Rc7 28. Nf2 d5 29. Rec1 Rbc8 30. Nd3 dxc4 31. bxc4 Ke7 32. g3 Rd8 33. Ne5
Nc5 34. Re1 Nd3 35. Nxd3 Rxd3 36. Rb2 Kd7 37. Rb6 Rd6 38. Reb1 1/2-1/2

[Event "Aeroflot Open 2007"]
[Site "Moscú RUS"]
[Date "2007.02.19"]
[Round "6.35"]
[White "Safarli, Eltaj"]
[Black "Halkias, Stelios"]
[Result "1-0"]
[WhiteElo "2445"]
[BlackElo "2583"]
[PlyCount "79"]
[EventDate "2007.02.14"]
[EventType "swiss"]
[EventRounds "9"]
[EventCountry "RUS"]
[Source "lmi"]
[SourceDate "2007.02.13"]

1. e4 e5 2. Bc4 Nf6 3. d3 c6 4. Nf3 Be7 5. O-O d6 6. Re1 O-O 7. Nbd2 Nbd7 8. c3
Qc7 9. d4 b5 10. Bb3 Bb7 11. Nf1 c5 12. Ng3 g6 13. Bh6 Rfe8 14. h3 Nf8 15. Qd2
c4 16. Bc2 Ne6 17. d5 Ng7 18. Nh2 Kh8 19. f4 Ng8 20. fxe5 Nxh6 21. Qxh6 dxe5
22. Rf1 Bc8 23. Kh1 Rf8 24. Nf3 f6 25. Rf2 Bd7 26. Raf1 Kg8 27. Nh2 Qb6 28. Ng4
Bxg4 29. hxg4 Rf7 30. Rf3 Raf8 31. Bd1 Ne8 32. g5 Nd6 33. Qh3 Qd8 34. Qe6 fxg5
35. Nh5 Qc7 36. R3f2 Qd8 37. Bg4 Qc7 38. Qxe5 Ne8 39. Qe6 Nd6 40. e5 1-0

[Event "Aeroflot Open 2007"]
[Site "Moscú RUS"]
[Date "2007.02.19"]
[Round "6.37"]
[White "Petrosian, Tigran L"]
[Black "Hou, Yifan"]
[Result "1/2-1/2"]
[WhiteElo "2592"]
[BlackElo "2509"]
[PlyCount "119"]
[EventDate "2007.02.14"]
[EventType "swiss"]
[EventRounds "9"]
[EventCountry "RUS"]
[Source "lmi"]
[SourceDate "2007.02.13"]

1. e4 c5 2. a3 Nc6 3. b4 cxb4 4. axb4 Nxb4 5. d4 d6 6. c4 a5 7. Bd2 Bd7 8. Qb3
Nf6 9. Bd3 e5 10. d5 Be7 11. Ne2 O-O 12. O-O Qb6 13. Be3 Qc7 14. Na3 Ng4 15.
Bd2 f5 16. h3 fxe4 17. Bxe4 Nf6 18. Bb1 Na6 19. Qe3 Nc5 20. g4 g6 21. Ra2 Rf7
22. f4 Raf8 23. Bc2 Ne8 24. Raa1 exf4 25. Nxf4 Bf6 26. Rae1 Be5 27. Nxg6 hxg6
28. Qh6 Rxf1+ 29. Rxf1 Rxf1+ 30. Kxf1 Ba4 31. Bxg6 Qg7 32. Qg5 Qf6+ 33. Qxf6
Nxf6 34. Bxa5 Nfe4 35. Bc7 Kg7 36. Bxe4 Nxe4 37. Ke2 Bb3 38. Ke3 Nf6 39. Kd3
Ne8 40. Bb8 Kf6 41. Nb5 Bd1 42. Nc3 Bf3 43. Ne4+ Ke7 44. c5 Kd7 45. g5 Bh5 46.
Ke3 Bf7 47. cxd6 Bxd5 48. h4 Ng7 49. Nc5+ Kd8 50. g6 Nf5+ 51. Kd3 Nxd6 52. Bxd6
Bxd6 53. Kd4 Bxc5+ 54. Kxc5 Be4 55. h5 Ke7 56. h6 Kf6 57. g7 Kf7 58. Kb6 Bc6
59. Kc5 Kg8 60. Kb6 1/2-1/2

[Event "Aeroflot Open 2007"]
[Site "Moscú RUS"]
[Date "2007.02.19"]
[Round "6.39"]
[White "Drozdovskij, Yuri"]
[Black "Vijayalakshmi, Subbaraman"]
[Result "1-0"]
[WhiteElo "2562"]
[BlackElo "2459"]
[PlyCount "63"]
[EventDate "2007.02.14"]
[EventType "swiss"]
[EventRounds "9"]
[EventCountry "RUS"]
[Source "lmi"]
[SourceDate "2007.02.13"]

1. d4 Nf6 2. c4 e6 3. Nc3 Bb4 4. Qc2 c5 5. dxc5 Bxc5 6. Bf4 e5 7. Bg3 Nc6 8. e3
Qa5 9. Nf3 Bb4 10. Bd3 d6 11. O-O Bxc3 12. bxc3 Be6 13. Rab1 Qc7 14. Ng5 O-O-O
15. f4 h6 16. Nxe6 fxe6 17. Be4 Rhf8 18. Bf3 Nd7 19. Bh4 Nf6 20. fxe5 Nxe5 21.
Bxb7+ Kd7 22. Ba6 Rb8 23. Rxb8 Qxb8 24. Rb1 Qa8 25. Rb7+ Kd8 26. Qa4 Rf7 27.
Bxf6+ gxf6 28. Qa5+ Ke8 29. Qb5+ Nd7 30. Qc6 Qd8 31. Rc7 Ke7 32. Bb5 1-0

[Event "Aeroflot Open 2007"]
[Site "Moscú RUS"]
[Date "2007.02.20"]
[Round "7.1"]
[White "Alekseev, Evgeny"]
[Black "Novikov, Stanislav"]
[Result "1-0"]
[WhiteElo "2661"]
[BlackElo "2535"]
[PlyCount "67"]
[EventDate "2007.02.14"]
[EventType "swiss"]
[EventRounds "9"]
[EventCountry "RUS"]
[Source "lmi"]
[SourceDate "2007.02.13"]

1. e4 g6 2. d4 Bg7 3. Nc3 c6 4. h3 d5 5. Nf3 Nf6 6. e5 Ne4 7. Nxe4 dxe4 8. Ng5
c5 9. Bc4 O-O 10. c3 cxd4 11. cxd4 Nc6 12. Be3 b5 13. Bb3 Bb7 14. h4 Qa5+ 15.
Kf1 h5 16. g4 Rad8 17. gxh5 Nxe5 18. hxg6 Nf3 19. Nxf7 Rxf7 20. Bxf7+ Kf8 21.
h5 b4 22. h6 Ba6+ 23. Kg2 Bf6 24. h7 Kg7 25. d5 Qc7 26. h8=Q+ Rxh8 27. Rxh8
Kxh8 28. Qh1+ Nh4+ 29. Qxh4+ Bxh4 30. Bd4+ Bf6 31. Bxf6+ exf6 32. Rh1+ Kg7 33.
Rh7+ Kf8 34. g7+ 1-0

[Event "Aeroflot Open 2007"]
[Site "Moscú RUS"]
[Date "2007.02.20"]
[Round "7.9"]
[White "Laznicka, Viktor"]
[Black "Riazantsev, Alexander"]
[Result "1/2-1/2"]
[WhiteElo "2593"]
[BlackElo "2629"]
[PlyCount "30"]
[EventDate "2007.02.14"]
[EventType "swiss"]
[EventRounds "9"]
[EventCountry "RUS"]
[Source "lmi"]
[SourceDate "2007.02.13"]

1. e4 c6 2. d4 d5 3. e5 Bf5 4. Be3 Qb6 5. Qc1 e6 6. c4 Nd7 7. Nf3 Ne7 8. Nc3
Bg4 9. Be2 Nf5 10. O-O dxc4 11. Rd1 Be7 12. Ne4 O-O 13. Qxc4 Bxf3 14. Bxf3 Nxe3
15. fxe3 c5 1/2-1/2

[Event "Aeroflot Open 2007"]
[Site "Moscú RUS"]
[Date "2007.02.20"]
[Round "7.10"]
[White "Sutovsky, Emil"]
[Black "Sadvakasov, Darmen"]
[Result "1-0"]
[WhiteElo "2629"]
[BlackElo "2615"]
[PlyCount "71"]
[EventDate "2007.02.14"]
[EventType "swiss"]
[EventRounds "9"]
[EventCountry "RUS"]
[Source "lmi"]
[SourceDate "2007.02.13"]

1. e4 c5 2. Nc3 d6 3. Nf3 Nf6 4. d4 cxd4 5. Nxd4 a6 6. Be3 e5 7. Nb3 Be6 8. Qd2
b5 9. f3 Nbd7 10. O-O-O Be7 11. Kb1 O-O 12. g4 b4 13. Ne2 a5 14. g5 Nh5 15. Ng3
Nf4 16. h4 a4 17. Nc1 b3 18. cxb3 axb3 19. a3 g6 20. Nd3 d5 21. Nxf4 exf4 22.
Bxf4 Nb6 23. Be5 Bd6 24. Bxd6 Qxd6 25. exd5 Bxd5 26. Ne4 Bxe4+ 27. fxe4 Qe7 28.
Bb5 Na4 29. Bc6 Rfc8 30. Bxa8 Rc2 31. Qd4 Rxb2+ 32. Qxb2 Nxb2 33. Kxb2 Qe5+ 34.
Kb1 Qf4 35. Bd5 Qf2 36. Bxf7+ 1-0

[Event "Aeroflot Open 2007"]
[Site "Moscú RUS"]
[Date "2007.02.20"]
[Round "7.13"]
[White "Timofeev, Artyom"]
[Black "Yakovich, Yuri"]
[Result "1-0"]
[WhiteElo "2663"]
[BlackElo "2577"]
[PlyCount "93"]
[EventDate "2007.02.14"]
[EventType "swiss"]
[EventRounds "9"]
[EventCountry "RUS"]
[Source "lmi"]
[SourceDate "2007.02.13"]

1. e4 c5 2. Nf3 Nc6 3. d4 cxd4 4. Nxd4 Nf6 5. Nc3 e5 6. Ndb5 d6 7. Bg5 a6 8.
Na3 b5 9. Nd5 Be7 10. Bxf6 Bxf6 11. c3 Bg5 12. Nc2 Ne7 13. Ncb4 O-O 14. a4 bxa4
15. Qxa4 a5 16. Bb5 Nxd5 17. Nxd5 Be6 18. Bc6 Rb8 19. Ra2 f5 20. h4 Bf6 21.
exf5 Bxf5 22. Qc4 Kh8 23. b4 axb4 24. cxb4 e4 25. g3 Be6 26. O-O e3 27. b5
exf2+ 28. Raxf2 Bh3 29. Rd1 Be5 30. Nf4 Qc8 31. Kh2 Be6 32. Qe4 Bf5 33. Qa4 g5
34. hxg5 Qd8 35. Nh3 Qe7 36. Rdf1 Bxh3 37. Rxf8+ Rxf8 38. Rxf8+ Qxf8 39. Kxh3
Qf2 40. Qg4 Kg7 41. b6 Qf7 42. Qd7 Qxd7+ 43. Bxd7 d5 44. Bf5 Bd6 45. Kg4 Bb8
46. b7 Be5 47. Be6 1-0

[Event "Aeroflot Open 2007"]
[Site "Moscú RUS"]
[Date "2007.02.20"]
[Round "7.14"]
[White "Gashimov, Vugar"]
[Black "Zhou, Jianchao"]
[Result "0-1"]
[WhiteElo "2658"]
[BlackElo "2551"]
[PlyCount "92"]
[EventDate "2007.02.14"]
[EventType "swiss"]
[EventRounds "9"]
[EventCountry "RUS"]
[Source "lmi"]
[SourceDate "2007.02.13"]

1. e4 c5 2. Nf3 d6 3. d4 cxd4 4. Nxd4 Nf6 5. Nc3 a6 6. Bg5 e6 7. f4 Qc7 8. Bxf6
gxf6 9. Qd2 Nc6 10. O-O-O Bd7 11. Bc4 Be7 12. Kb1 Nxd4 13. Qxd4 Qc5 14. Qd3 b5
15. Bb3 a5 16. a4 bxa4 17. Bxa4 Bxa4 18. Nxa4 Qb4 19. Qd4 Rb8 20. b3 Qb5 21.
Nc3 Qc6 22. Qa4 Kd7 23. Qxa5 Rhc8 24. Rd3 f5 25. exf5 Bf6 26. fxe6+ fxe6 27.
Rh3 Qxc3 28. Rxh7+ Ke8 29. Qxc3 Bxc3 30. Ra7 Ra8 31. Ra4 Rxa4 32. bxa4 Rc4 33.
Ka2 Rxf4 34. Kb3 Ba5 35. h4 Kf7 36. h5 Kg7 37. Rh3 Rb4+ 38. Ka3 Rg4 39. Rb3 Kh6
40. Rb5 Rg3+ 41. Ka2 Rg5 42. g4 Rxb5 43. axb5 e5 44. Kb3 d5 45. c3 e4 46. Kc2
Kg5 0-1

[Event "Aeroflot Open 2007"]
[Site "Moscú RUS"]
[Date "2007.02.20"]
[Round "7.15"]
[White "Khairullin, Ildar"]
[Black "Areshchenko, Alexander"]
[Result "1/2-1/2"]
[WhiteElo "2586"]
[BlackElo "2644"]
[PlyCount "39"]
[EventDate "2007.02.14"]
[EventType "swiss"]
[EventRounds "9"]
[EventCountry "RUS"]
[Source "lmi"]
[SourceDate "2007.02.13"]

1. e4 c5 2. Nf3 d6 3. d4 cxd4 4. Nxd4 Nf6 5. Nc3 a6 6. Be3 e5 7. Nf3 Be7 8. Bc4
O-O 9. O-O Nc6 10. Re1 Be6 11. Nd5 Bxd5 12. exd5 Nb8 13. a4 Nbd7 14. a5 Rc8 15.
Bf1 e4 16. Nd2 Nxd5 17. Nxe4 Nxe3 18. Rxe3 Nf6 19. g3 d5 20. Nxf6+ 1/2-1/2

[Event "Aeroflot Open 2007"]
[Site "Moscú RUS"]
[Date "2007.02.20"]
[Round "7.16"]
[White "Li, Chao(b)"]
[Black "Asrian, Karen"]
[Result "1/2-1/2"]
[WhiteElo "2504"]
[BlackElo "2634"]
[PlyCount "100"]
[EventDate "2007.02.14"]
[EventType "swiss"]
[EventRounds "9"]
[EventCountry "RUS"]
[Source "lmi"]
[SourceDate "2007.02.13"]

1. e4 e6 2. d4 d5 3. Nc3 Bb4 4. e5 c5 5. a3 Bxc3+ 6. bxc3 Qa5 7. Bd2 Qa4 8. Qb1
c4 9. Ne2 Nc6 10. Ng3 Bd7 11. Be2 O-O-O 12. f4 f5 13. h4 Nge7 14. h5 h6 15. Bf3
Kb8 16. Ne2 Nc8 17. Be3 Nb6 18. Kd2 Rdg8 19. Bf2 Qa5 20. Bh4 Na4 21. Qg1 a6 22.
Qe3 Be8 23. g4 g5 24. hxg6 Bxg6 25. Bf6 fxg4 26. Bxg4 Bd3 27. Rhg1 Rxg4 28.
Rxg4 Bxe2 29. Kxe2 Nxc3+ 30. Kf3 Re8 31. Qd2 Nb5 32. Qxa5 Nbxd4+ 33. Ke3 Nf5+
34. Kd2 Nxa5 35. Rag1 Nc6 36. Rg8 Rxg8 37. Rxg8+ Kc7 38. Rh8 d4 39. Rh7+ Kb6
40. Rd7 h5 41. Rh7 Kc5 42. Rxb7 Kd5 43. Rc7 h4 44. Bg5 a5 45. Rc8 a4 46. Rh8
Ke4 47. Bxh4 c3+ 48. Kc1 Kxf4 49. Bf6 Ke4 50. Rc8 Nxe5 1/2-1/2

[Event "Aeroflot Open 2007"]
[Site "Moscú RUS"]
[Date "2007.02.20"]
[Round "7.22"]
[White "Volokitin, Andrei"]
[Black "Lysyj, Igor"]
[Result "1/2-1/2"]
[WhiteElo "2645"]
[BlackElo "2576"]
[PlyCount "122"]
[EventDate "2007.02.14"]
[EventType "swiss"]
[EventRounds "9"]
[EventCountry "RUS"]
[Source "lmi"]
[SourceDate "2007.02.13"]

1. e4 e6 2. d4 d5 3. Nc3 dxe4 4. Nxe4 Nd7 5. Nf3 Ngf6 6. Nxf6+ Nxf6 7. Bd3 c5
8. Be3 Qc7 9. Qe2 Be7 10. O-O-O O-O 11. dxc5 Nd5 12. Bd4 Nf4 13. Qe4 Nxd3+ 14.
Rxd3 f6 15. Rhd1 e5 16. Qd5+ Kh8 17. Nxe5 fxe5 18. Bxe5 Qc6 19. Rg3 Qh6+ 20.
Rd2 Be6 21. Qxb7 Bf6 22. Bxf6 Qxf6 23. Qf3 Qxf3 24. Rxf3 Rxf3 25. gxf3 Kg8 26.
a4 a5 27. Rd6 Kf7 28. Rb6 Ke7 29. Kd2 Bd7 30. c6 Bc8 31. Kc3 Ra6 32. Rxa6 Bxa6
33. b4 Kd6 34. b5 Bc8 35. f4 Kc5 36. Kd3 Bf5+ 37. Kc3 Bh3 38. Kd3 g6 39. Kc3 h5
40. Kd3 Bf5+ 41. Kc3 h4 42. Kd2 Be4 43. Kc3 Kd5 44. f3 Bf5 45. Kd2 Kc5 46. Kc3
Kd6 47. Kd2 Be6 48. Ke3 Bd5 49. Ke2 Bc4+ 50. Ke3 Be6 51. Kd4 Bd5 52. Ke3 Bc4
53. Kd2 Bd5 54. Ke2 Bc4+ 55. Kd2 Kc5 56. Ke3 Bd5 57. Ke2 Kd4 58. Kf2 Kc4 59.
Ke3 Kc5 60. Ke2 Kd4 61. Kf2 Kc5 1/2-1/2

[Event "Aeroflot Open 2007"]
[Site "Moscú RUS"]
[Date "2007.02.20"]
[Round "7.26"]
[White "Najer, Evgeniy"]
[Black "Safarli, Eltaj"]
[Result "1-0"]
[WhiteElo "2605"]
[BlackElo "2445"]
[PlyCount "151"]
[EventDate "2007.02.14"]
[EventType "swiss"]
[EventRounds "9"]
[EventCountry "RUS"]
[Source "lmi"]
[SourceDate "2007.02.13"]

1. e4 c5 2. Nf3 d6 3. d4 cxd4 4. Nxd4 Nf6 5. Nc3 a6 6. Be3 e5 7. Nf3 Be7 8. Bc4
O-O 9. O-O Nc6 10. Qe2 Na5 11. Bd5 Be6 12. Rfd1 Bxd5 13. Nxd5 Nxd5 14. Rxd5 Qc7
15. Bd2 Nc4 16. b3 Nxd2 17. Qxd2 b5 18. c4 bxc4 19. Rc1 Rfc8 20. Rxc4 Qb7 21.
Rxc8+ Rxc8 22. h4 h6 23. g3 Rc7 24. Kg2 Qc8 25. Ra5 Rc2 26. Qd3 Rb2 27. Qc4
Qxc4 28. bxc4 Bd8 29. Rxa6 Bb6 30. Kh3 Bc5 31. h5 Rxf2 32. Nh4 Re2 33. Ra8+ Kh7
34. Rf8 Rxe4 35. Rxf7 Kg8 36. Rc7 Rxc4 37. Nf5 Ra4 38. Rxg7+ Kf8 39. Rg6 e4 40.
Rf6+ Kg8 41. Nxh6+ Kh7 42. Nf5 e3 43. Re6 Rxa2 44. g4 Rf2 45. Kg3 e2 46. Nh4 d5
47. Nf3 e1=Q 48. Rxe1 Rb2 49. Ng5+ Kg8 50. Re8+ Kg7 51. Rd8 Rb3+ 52. Kf4 Kf6
53. Rxd5 Be3+ 54. Ke4 Bc1 55. Rf5+ Kg7 56. Ne6+ Kh6 57. Rf6+ Kh7 58. Rf7+ Kh6
59. Rf6+ Kh7 60. g5 Rb4+ 61. Kf5 Rb5+ 62. Kg4 Rb4+ 63. Kg3 Rb3+ 64. Rf3 Rb8 65.
Rf7+ Kg8 66. Rg7+ Kh8 67. Re7 Ba3 68. Rd7 Kg8 69. Kg4 Rb5 70. Rg7+ Kh8 71. Ra7
Bb2 72. h6 Rb8 73. Nf4 Rb4 74. Ra8+ Kh7 75. Kh5 Rb5 76. Ra7+ 1-0

[Event "Aeroflot Open 2007"]
[Site "Moscú RUS"]
[Date "2007.02.20"]
[Round "7.27"]
[White "Shomoev, Anton"]
[Black "Grigoriants, Sergey"]
[Result "0-1"]
[WhiteElo "2556"]
[BlackElo "2592"]
[PlyCount "76"]
[EventDate "2007.02.14"]
[EventType "swiss"]
[EventRounds "9"]
[EventCountry "RUS"]
[Source "lmi"]
[SourceDate "2007.02.13"]

1. e4 c6 2. d4 d5 3. e5 Bf5 4. Nc3 e6 5. g4 Bg6 6. Nge2 c5 7. h4 h5 8. Nf4 Bh7
9. Nxh5 cxd4 10. Nb5 Nc6 11. Nxd4 Nge7 12. Bg5 Qb6 13. Bb5 a6 14. Ba4 Qxb2 15.
O-O b5 16. Nxc6 Nxc6 17. Bb3 Qd4 18. a4 Qxd1 19. Rfxd1 Rc8 20. axb5 axb5 21.
Kg2 Nxe5 22. f3 Nc6 23. Ra6 Bg6 24. c4 Nb4 25. cxd5 Nxa6 26. dxe6 Bxh5 27.
exf7+ Bxf7 28. Re1+ Kd7 29. Bxf7 Nc5 30. Bg6 Bd6 31. Bf5+ Kc6 32. Bxc8 Rxc8 33.
Bd2 Ra8 34. Bc3 Nd3 35. Rd1 Ra2+ 36. Rd2 Rxd2+ 37. Bxd2 b4 38. Kf1 b3 0-1

[Event "Aeroflot Open 2007"]
[Site "Moscú RUS"]
[Date "2007.02.20"]
[Round "7.28"]
[White "Li, Shilong"]
[Black "Popov, Valerij"]
[Result "1/2-1/2"]
[WhiteElo "2531"]
[BlackElo "2590"]
[PlyCount "170"]
[EventDate "2007.02.14"]
[EventType "swiss"]
[EventRounds "9"]
[EventCountry "RUS"]
[Source "lmi"]
[SourceDate "2007.02.13"]

1. d4 Nf6 2. c4 c6 3. Nc3 d5 4. Nf3 a6 5. c5 Nbd7 6. Bf4 Nh5 7. Bd2 Nhf6 8. Rc1
g6 9. h3 Qc7 10. g3 Bg7 11. Bf4 Qd8 12. Bg2 O-O 13. O-O Nh5 14. Bg5 f6 15. Bd2
f5 16. Na4 e5 17. dxe5 Nxe5 18. e3 Nxf3+ 19. Bxf3 Nf6 20. Bc3 Qe7 21. Bg2 Be6
22. Be5 Ne4 23. Qd4 Bxe5 24. Qxe5 Rae8 25. h4 h6 26. b4 g5 27. hxg5 hxg5 28. f3
Nf6 29. Nc3 Qg7 30. Qd4 Rf7 31. Ne2 Bc8 32. Rc3 Qh8 33. Kf2 Rh7 34. Rcc1 Rhe7
35. Rh1 Qg7 36. Rc3 Be6 37. a4 Bf7 38. Rb3 Re5 39. Ra3 Kf8 40. Rb3 f4 41. gxf4
gxf4 42. Qxf4 d4 43. Nxd4 Bxb3 44. Nxb3 Rxe3 45. Nd4 Ra3 46. Bf1 Ra2+ 47. Be2
Re5 48. Rh7 Qg5 49. Qxg5 Rxg5 50. Rxb7 Re5 51. b5 axb5 52. axb5 Ke8 53. Rb8+
Kf7 54. bxc6 Rxc5 55. Rb7+ Ke8 56. Rb8+ Ke7 57. Rb7+ Kd6 58. Rf7 Nd5 59. f4 Rc4
60. Rd7+ Kc5 61. Nf3 Re4 62. Ng1 Kxc6 63. Rd8 Nxf4 64. Kf3 Raa4 65. Bd3 Reb4
66. Ne2 Ne6 67. Rc8+ Kd7 68. Rc3 Kd6 69. Bc2 Ra1 70. Rd3+ Ke5 71. Re3+ Kf6 72.
Rc3 Rh4 73. Ke3 Rh2 74. Bd3 Ke5 75. Bb5 Ra2 76. Ng1 Nd4 77. Bd3 Rhg2 78. Rc5+
Kd6 79. Kxd4 Rxg1 80. Rd5+ Ke7 81. Re5+ Kf6 82. Rf5+ Kg7 83. Rf7+ Kg8 84. Bc4
Ra4 85. Ra7+ Rxc4+ 1/2-1/2